000 00693nam a2200205Ii 4500
003 JO-AjNU
008 230605s9999||||xx |||||||||||||| ||und||
017 _a1267/92
040 _aJO-AjNU
_bara
_erda
_cJO-AjNU
041 _aara
050 1 4 _aQA76.73.F25 Z3764 1992
100 3 _aزرتي، عمر ,
_eauthor
_918701
245 0 0 _a طرق عددية و برمجتها بلغة فورتران . 
264 3 1 _aبيروت:معهد الانماء ، 1992
300 _a318ص
336 _atext
_btxt
_2rdacontent
337 _aunmediated
_bn
_2rdamedia
338 _avolume
_bnc
_2rdacarrier
650 4 _a فورتران (لغة برمجة الحاسبات الالكترونية) 
_918702
999 _aA6031
_c9599
_d9599